|
|
|
|
| LEADER |
00000nam0a2200000 4500 |
| 001 |
376684 |
| 005 |
20231102012834.0 |
| 035 |
|
|
|a (RuTPU)RU\TPU\retro\34124
|
| 090 |
|
|
|a 376684
|
| 100 |
|
|
|a 20221226d1978 m y0rusy50 ca
|
| 101 |
0 |
|
|a rus
|a eng
|
| 102 |
|
|
|a RU
|
| 105 |
|
|
|a y j 000zy
|
| 200 |
1 |
|
|a Фонетический практикум по английскому языку
|f Б. Я. Лебединская
|
| 210 |
|
|
|a Москва
|c Международные отношения
|d 1978
|
| 215 |
|
|
|a 174 с.
|
| 606 |
1 |
|
|a Английский язык
|x Фонетика
|2 stltpush
|3 (RuTPU)RU\TPU\subj\29051
|9 52463
|
| 610 |
1 |
|
|a фонемы
|
| 610 |
1 |
|
|a описание
|
| 610 |
1 |
|
|a типичные ошибки
|
| 610 |
1 |
|
|a предупреждение
|
| 610 |
1 |
|
|a исправление
|
| 610 |
1 |
|
|a упражнения
|
| 610 |
1 |
|
|a стихи
|
| 610 |
1 |
|
|a выразительное чтение
|
| 610 |
1 |
|
|a практикумы
|
| 610 |
1 |
|
|a учебные пособия
|
| 686 |
|
|
|a Ш143.21-1я73
|v LBC/SL-A
|2 rubbk
|
| 700 |
|
1 |
|a Лебединская
|b Б. Я.
|g Берта Яковлевна
|
| 801 |
|
1 |
|a RU
|b 63413507
|c 20221226
|
| 942 |
|
|
|c BK
|